[Event "Main Vogelsberg op 15th"]
[Site "Waechtersbach"]
[Date "2021.10.02"]
[Round "3.1"]
[White "Lenhardt, Manfred"]
[Black "Grabowski, Pawel"]
[Result "0-1"]
[WhiteElo "1976"]
[BlackElo "2276"]
[PlyCount "84"]
[EventDate "2021.10.01"]
[EventType "swiss"]
[EventRounds "5"]
[EventCountry "GER"]
[SourceTitle "EXT 2023"]
[Source "ChessBase"]
[SourceDate "2022.10.05"]
[SourceVersion "1"]
[SourceVersionDate "2022.10.05"]
[SourceQuality "1"]

1. d4 Nf6 2. Nf3 g6 3. g3 Bg7 4. Bg2 0-0 5. 0-0 d6 6. c4 Nc6 7. Nc3 e5 8. dxe5 dxe5 9. Bg5 Qe8 10. Be3 Qe7 11. Nd5 Nxd5 12. cxd5 Rd8 13. Qb3 Na5 14. Qa4 b6 15. Rfd1 Bd7 16. Qc2 Bf5 17. Qa4 Rac8 18. Rac1 Bd7 19. Qh4 Qxh4 20. Nxh4 Bb5 21. Rc2 Nc4 22. Bg5 f6 23. Bc1 Bf8 24. Bh3 Ra8 25. Be6+ Kh8 26. b3 Na5 27. Bb2 Bd7 28. Bxd7 Rxd7 29. Rcd2 Kg7 30. e4 Bd6 31. Kg2 Nb7 32. Re2 a5 33. a4 Rb8 34. Nf3 Nc5 35. Nd2 b5 36. axb5 Rxb5 37. Ra1 a4 38. Ba3 Nxb3 39. Nxb3 axb3 40. Bb2 Rd8 41. Ra7 Rdb8 42. f4 Rc5 0-1

[Event "DSOL 01 Liga Gr-A 1st"]
[Site "Playchess.com INT"]
[Date "2020.07.31"]
[Round "6.3"]
[White "Monninger, Moritz Franz"]
[Black "Lenhardt, Manfred"]
[Result "0-1"]
[WhiteElo "2090"]
[BlackElo "1977"]
[PlyCount "58"]
[EventDate "2020.06.22"]
[EventType "team-tourn (rapid)"]
[EventCountry "GER"]
[SourceTitle "EXT 2021"]
[Source "ChessBase"]
[SourceDate "2020.10.23"]
[SourceVersion "1"]
[SourceVersionDate "2020.10.23"]
[SourceQuality "1"]
[WhiteTeam "Herzogenaurach"]
[BlackTeam "Weisse Dame"]
[WhiteTeamCountry "GER"]
[BlackTeamCountry "GER"]

1. e4 e6 2. d4 d5 3. e5 c5 4. c3 Nc6 5. Nf3 Bd7 6. a3 f6 7. b4 cxb4 8. cxb4 fxe5 9. dxe5 g6 10. Bd3 Bg7 11. Bb2 Nge7 12. 0-0 0-0 13. Nbd2 Nf5 14. Qe2 Nh4 15. g3 Nxf3+ 16. Nxf3 a6 17. Kg2 Rc8 18. h4 Ne7 19. h5 gxh5 20. Ng5 Nf5 21. Qxh5 h6 22. Nf3 Qe8 23. Qg4 Bb5 24. Bxb5 Qxb5 25. Rac1 Rxc1 26. Rxc1 Qe2 27. Re1 Qxb2 28. Qg6 Nd4 29. Re3 Kh8 0-1

[Event "Niedersachsen-ch op-A"]
[Site "Verden an der Aller"]
[Date "2020.01.03"]
[Round "4"]
[White "Lenhardt, Manfred"]
[Black "Dornieden, Jonas"]
[Result "1/2-1/2"]
[WhiteElo "2056"]
[BlackElo "1912"]
[PlyCount "48"]
[EventDate "2020.01.02"]
[EventType "swiss"]
[EventRounds "7"]
[EventCountry "GER"]
[SourceTitle "EXT 2023"]
[Source "ChessBase"]
[SourceDate "2022.10.05"]
[SourceVersion "1"]
[SourceVersionDate "2022.10.05"]
[SourceQuality "1"]

1. d4 d5 2. Nf3 Nf6 3. g3 e6 4. Bg2 Be7 5. 0-0 0-0 6. Nbd2 Nbd7 7. c4 c6 8. b3 b6 9. Qc2 Bb7 10. e4 dxe4 11. Nxe4 Nxe4 12. Qxe4 Nf6 13. Qe2 c5 14. Rd1 cxd4 15. Bb2 Bc5 16. Nxd4 Qe7 17. Nf5 exf5 18. Qxe7 Bxe7 19. Bxb7 Rad8 20. f3 h6 21. Kf1 Rfe8 22. Bc6 Rxd1+ 23. Rxd1 Rc8 24. Bb7 Rc7 1/2-1/2

[Event "Niedersachsen-ch op-A"]
[Site "Verden an der Aller"]
[Date "2020.01.02"]
[Round "1"]
[White "Moeller, Jonas"]
[Black "Lenhardt, Manfred"]
[Result "0-1"]
[WhiteElo "1849"]
[BlackElo "2056"]
[PlyCount "116"]
[EventDate "2020.01.02"]
[EventType "swiss"]
[EventRounds "7"]
[EventCountry "GER"]
[SourceTitle "EXT 2023"]
[Source "ChessBase"]
[SourceDate "2022.10.05"]
[SourceVersion "1"]
[SourceVersionDate "2022.10.05"]
[SourceQuality "1"]

1. e4 g6 2. d4 Bg7 3. Nc3 c6 4. f4 d5 5. e5 h5 6. Nf3 Nh6 7. Be3 Bg4 8. Bd3 e6 9. h3 Bf5 10. Be2 Nd7 11. Qd2 b5 12. a3 Bf8 13. Nd1 Be7 14. Nf2 h4 15. Nh2 a5 16. Nhg4 Nb6 17. Nxh6 Rxh6 18. Bd3 Kd7 19. Ng4 Rh7 20. Ke2 Kc7 21. Qc1 Kb7 22. Bd2 Rh5 23. Ne3 Nc4 24. b3 Nb6 25. Qb2 Be4 26. c4 Bxd3+ 27. Kxd3 f5 28. a4 b4 29. c5 Nd7 30. Rag1 g5 31. Nf1 Qh8 32. Kc2 Rg8 33. Qc1 Qh6 34. g4 fxg4 35. Rxg4 Qh7+ 36. Kd1 Qe4 37. Rhg1 Qxd4 38. fxg5 Qxc5 39. Bf4 Qxc1+ 40. Kxc1 Nc5 41. Kc2 Ne4 42. Be3 Rg6 43. Nd2 Ng3 44. Nf3 Nf5 45. Bf2 c5 46. Kd3 Kc6 47. R1g2 Rh8 48. Rg1 Rf8 49. Rf4 Rb8 50. Nxh4 Nxh4 51. Bxh4 Rh8 52. Rfg4 Rf8 53. Ke2 Rf5 54. Kd3 Rxe5 55. Bg3 Rexg5 56. Bf4 Rxg4 57. hxg4 Bg5 58. Ke3 e5 0-1

[Event "Vellmar op 11th"]
[Site "Vellmar"]
[Date "2019.07.07"]
[Round "7"]
[White "Lenhardt, Manfred"]
[Black "Poschadel, Andreas Gregor"]
[Result "1-0"]
[WhiteElo "2004"]
[BlackElo "1809"]
[PlyCount "89"]
[EventDate "2019.07.04"]
[EventType "swiss"]
[EventRounds "7"]
[EventCountry "GER"]
[SourceTitle "CBM 191 Extra"]
[Source "ChessBase"]
[SourceDate "2019.09.30"]
[SourceVersion "1"]
[SourceVersionDate "2019.09.30"]
[SourceQuality "1"]

1. d4 d5 2. Nf3 Nf6 3. g3 e6 4. Bg2 Be7 5. 0-0 0-0 6. c4 c6 7. Nbd2 Nbd7 8. b3 b6 9. Qc2 Ba6 10. e4 Rc8 11. Bb2 c5 12. e5 Ne8 13. Rfd1 cxd4 14. Nxd4 b5 15. Rac1 Nb6 16. Qb1 bxc4 17. Bf1 Bb4 18. Nxc4 dxc4 19. Nc6 Qxd1 20. Rxd1 Rxc6 21. bxc4 Nxc4 22. Bc1 Ba5 23. Bxc4 Rxc4 24. Ba3 Bb6 25. Bxf8 Kxf8 26. Qxh7 Ke7 27. Qd3 Bc5 28. Qd8+ Kf8 29. Qa5 Bb7 30. h4 Bd5 31. Qd2 Ra4 32. Qc2 Rc4 33. Qb2 Bb6 34. Rc1 Ra4 35. a3 Re4 36. Kh2 Bc7 37. f3 Re3 38. f4 Rb3 39. Qd4 Bb6 40. Qa4 Rf3 41. Qb4+ Kg8 42. Rc8 Rf2+ 43. Kh3 Be4 44. Rxe8+ Kh7 45. Qxe4+ 1-0

[Event "Oberliga Nord O 1718"]
[Site "Germany"]
[Date "2018.04.15"]
[Round "9.8"]
[White "Lenhardt, Manfred"]
[Black "Jaeger, Tobias"]
[Result "1/2-1/2"]
[WhiteElo "2057"]
[BlackElo "2116"]
[PlyCount "101"]
[EventDate "2017.10.08"]
[EventType "team-tourn"]
[EventRounds "9"]
[EventCountry "GER"]
[SourceTitle "EXT 2019"]
[Source "ChessBase"]
[SourceDate "2018.10.10"]
[SourceVersion "1"]
[SourceVersionDate "2018.10.10"]
[SourceQuality "1"]
[WhiteTeam "Berlin Weisse Dame"]
[BlackTeam "Berlin Tegel II"]
[WhiteTeamCountry "GER"]
[BlackTeamCountry "GER"]

1. d4 Nf6 2. Nf3 d5 3. g3 g6 4. Bg2 Bg7 5. 0-0 0-0 6. c4 c6 7. Na3 Bf5 8. Bf4 Be4 9. Qd2 Re8 10. Rfd1 Nbd7 11. Rac1 Nf8 12. Be5 h6 13. h4 N8d7 14. Bf4 Kh7 15. Ne5 Nxe5 16. dxe5 Nh5 17. cxd5 cxd5 18. Bxe4 dxe4 19. Qxd8 Raxd8 20. Rxd8 Rxd8 21. Rc7 Nxf4 22. gxf4 Rd2 23. Rxb7 g5 24. hxg5 hxg5 25. fxg5 Rxe2 26. Nc4 Rc2 27. Ne3 Rd2 28. a4 Bxe5 29. Rxe7 Bxb2 30. Rxf7+ Kg6 31. Rxa7 Kxg5 32. Ra5+ Kg6 33. Kg2 Bd4 34. Kg3 Ra2 35. Ra6+ Kg5 36. Ra5+ Kg6 37. Ng4 Kf7 38. Ra6 Ke7 39. a5 Kd7 40. Ra8 Ra3+ 41. Kf4 Bxf2 42. Ne5+ Kc7 43. Kxe4 Kb7 44. Rf8 Ra2 45. Nc4 Be1 46. Kd5 Bxa5 47. Nd6+ Kc7 48. Rf7+ Kd8 49. Nb7+ Ke8 50. Nd6+ Kd8 51. Nb7+ 1/2-1/2

[Event "GER-chT Betriebe 17th"]
[Site "Berlin"]
[Date "2017.11.03"]
[Round "3.1"]
[White "Lenhardt, Manfred"]
[Black "Kuhne, Detlev"]
[Result "1/2-1/2"]
[WhiteElo "2086"]
[BlackElo "2136"]
[PlyCount "46"]
[EventDate "2017.11.02"]
[EventType "team-swiss"]
[EventRounds "7"]
[EventCountry "GER"]
[SourceTitle "EXT 2020"]
[Source "ChessBase"]
[SourceDate "2019.10.17"]
[SourceVersion "1"]
[SourceVersionDate "2019.10.17"]
[SourceQuality "1"]
[WhiteTeam "Berlin Vattenfall"]
[BlackTeam "Berlin Deutsche Bahn/BSW II"]
[WhiteTeamCountry "GER"]
[BlackTeamCountry "GER"]

1. d4 d5 2. Nf3 Nf6 3. c4 c6 4. Nc3 a6 5. a4 Bf5 6. e3 e6 7. Bd3 Bxd3 8. Qxd3 Nbd7 9. 0-0 Be7 10. e4 dxe4 11. Nxe4 Nxe4 12. Qxe4 Nf6 13. Qc2 0-0 14. b3 Qa5 15. Bb2 Rac8 16. Rad1 Qh5 17. Rfe1 Rfe8 18. Ne5 Ng4 19. Nxg4 Qxg4 20. Re4 Qg6 21. Qe2 Bf8 22. Re1 Red8 23. h4 h6 1/2-1/2

[Event "Hannover Ihme Cup"]
[Site "Hannover"]
[Date "2017.04.30"]
[Round "5.13"]
[White "Lenhardt, Manfred"]
[Black "Hennings, Dirk"]
[Result "1-0"]
[WhiteElo "2112"]
[BlackElo "1744"]
[PlyCount "97"]
[EventDate "2017.04.28"]
[EventType "swiss"]
[EventRounds "5"]
[EventCountry "GER"]
[SourceTitle "EXT 2022"]
[Source "ChessBase"]
[SourceDate "2021.10.06"]
[SourceVersion "1"]
[SourceVersionDate "2021.10.06"]
[SourceQuality "1"]

1. g3 d5 2. d4 Nf6 3. Bg2 c6 4. Nf3 Bg4 5. 0-0 Nbd7 6. Nbd2 e6 7. c4 Bd6 8. b3 0-0 9. Bb2 Re8 10. h3 Bf5 11. Nh4 Be4 12. f3 Bxg3 13. fxe4 Bxh4 14. e5 Ne4 15. Nxe4 dxe4 16. Bxe4 Qg5+ 17. Bg2 Rad8 18. Qc1 Qe7 19. Qc2 Nf8 20. Rf3 Ng6 21. Raf1 Rf8 22. Qc3 Bg5 23. e4 Nh4 24. Rg3 Ng6 25. Rgf3 Nh4 26. R3f2 Ng6 27. b4 Qc7 28. Kh1 a5 29. bxa5 Ra8 30. Ba3 Be7 31. c5 Qxa5 32. Bb4 Qc7 33. Bf3 Bh4 34. Rb2 Qd8 35. Bg4 Qg5 36. Qf3 Qd8 37. Qd1 Qg5 38. Rg2 Qd8 39. Qd2 Bg5 40. Qc3 Nh4 41. Rgf2 Qe7 42. d5 f5 43. exf6 Rxf6 44. d6 Rxf2 45. Rxf2 Qd8 46. Bxe6+ Kh8 47. Bb3 Qd7 48. Rf7 Qe8 49. Qxg7# 1-0

[Event "Hannover Ihme Cup"]
[Site "Hannover"]
[Date "2017.04.29"]
[Round "3.11"]
[White "Lenhardt, Manfred"]
[Black "Moeller, Jonas"]
[Result "1-0"]
[WhiteElo "2112"]
[BlackElo "1764"]
[PlyCount "45"]
[EventDate "2017.04.28"]
[EventType "swiss"]
[EventRounds "5"]
[EventCountry "GER"]
[SourceTitle "EXT 2022"]
[Source "ChessBase"]
[SourceDate "2021.10.06"]
[SourceVersion "1"]
[SourceVersionDate "2021.10.06"]
[SourceQuality "1"]

1. d4 Nf6 2. Nf3 e6 3. g3 c5 4. Bg2 Nc6 5. 0-0 d5 6. c4 Be7 7. Nc3 dxc4 8. Qa4 Bd7 9. dxc5 Qa5 10. Qxc4 Qxc5 11. Qb3 Na5 12. Qc2 Nd5 13. Bd2 Bf6 14. Rac1 Nxc3 15. Bxc3 Bxc3 16. Qd3 Qc4 17. Qxc4 Nxc4 18. Rxc3 Rc8 19. Rfc1 b5 20. Ne5 Nd6 21. Rc7 Rd8 22. Nxd7 Rxd7 23. Bc6 1-0

[Event "Hannover Ihme Cup"]
[Site "Hannover"]
[Date "2017.04.29"]
[Round "2.6"]
[White "Schulz, Daniel"]
[Black "Lenhardt, Manfred"]
[Result "1-0"]
[WhiteElo "1958"]
[BlackElo "2112"]
[PlyCount "67"]
[EventDate "2017.04.28"]
[EventType "swiss"]
[EventRounds "5"]
[EventCountry "GER"]
[SourceTitle "EXT 2022"]
[Source "ChessBase"]
[SourceDate "2021.10.06"]
[SourceVersion "1"]
[SourceVersionDate "2021.10.06"]
[SourceQuality "1"]

1. d4 d5 2. c4 e6 3. Nf3 Nf6 4. g3 dxc4 5. Bg2 Nc6 6. Qa4 Bb4+ 7. Bd2 Nd5 8. Bxb4 Ndxb4 9. a3 b5 10. Qxb5 Nc2+ 11. Kd1 Bd7 12. Kxc2 Nxd4+ 13. Nxd4 Bxb5 14. Nxb5 0-0 15. Bxa8 Qxa8 16. Nd2 Qg2 17. Raf1 Rb8 18. Nc3 Qb7 19. Rb1 Qc6 20. h4 e5 21. Rhd1 f5 22. Nf3 f4 23. Nxe5 Qe6 24. gxf4 Qf5+ 25. e4 Qxf4 26. Nc6 Re8 27. h5 Qxf2+ 28. Rd2 Qc5 29. Nd4 Qxh5 30. Rbd1 Qc5 31. Kc1 h6 32. Nf5 Qf8 33. Rd7 g6 34. Rg1 1-0

[Event "Solingen Karneval op"]
[Site "Solingen"]
[Date "2016.02.05"]
[Round "1"]
[White "Lenhardt, Manfred"]
[Black "Sewald, Kathrin"]
[Result "1-0"]
[WhiteElo "2136"]
[BlackElo "1754"]
[PlyCount "133"]
[EventDate "2016.02.05"]
[EventType "swiss"]
[EventRounds "5"]
[EventCountry "GER"]
[SourceTitle "EXT 2018"]
[Source "ChessBase"]
[SourceDate "2017.10.13"]
[SourceVersion "1"]
[SourceVersionDate "2017.10.13"]
[SourceQuality "1"]

1. d4 c5 2. e3 d5 3. Nf3 Nc6 4. Be2 e6 5. 0-0 Nf6 6. Nbd2 Be7 7. b3 0-0 8. Bb2 a6 9. c4 b6 10. Qc2 Nb4 11. Qb1 Bb7 12. Rd1 Qc7 13. Bc3 a5 14. Qb2 Ra7 15. Rac1 Ba6 16. Ne5 Nc6 17. Bf3 Bb7 18. dxc5 bxc5 19. cxd5 exd5 20. Ng4 Nxg4 21. Bxg4 d4 22. exd4 Qf4 23. d5 Qxg4 24. dxc6 Bxc6 25. f3 Qg5 26. Re1 Bd6 27. Ne4 Bxe4 28. Rxe4 f5 29. Re6 Bf4 30. Rce1 Qh5 31. g3 Bg5 32. Qf2 f4 33. g4 Qf7 34. h4 Bd8 35. Kg2 Rb7 36. Qxc5 Rc7 37. Rc6 Rxc6 38. Qxc6 Bxh4 39. Rd1 Bf6 40. Bxf6 Qxf6 41. Qxf6 Rxf6 42. Rd5 Ra6 43. Rf5 a4 44. Rxf4 axb3 45. axb3 Rb6 46. b4 g5 47. Re4 Kf7 48. Kf2 Kg6 49. Ke3 h5 50. gxh5+ Kxh5 51. Kd3 Rf6 52. Re3 Kh4 53. b5 Kg3 54. Kc4 Rf4+ 55. Kc5 Rf5+ 56. Kb4 Rf4+ 57. Ka5 Rf5 58. Ka6 Rf4 59. b6 Ra4+ 60. Kb5 Ra1 61. Rb3 Re1 62. b7 Re8 63. Ka6 Re6+ 64. Ka7 Re7 65. Ka8 Re8+ 66. b8Q+ Rxb8+ 67. Kxb8 1-0

[Event "Gelsenkirchen Silvester op 3rd"]
[Site "Gelsenkirchen"]
[Date "2015.12.28"]
[Round "3"]
[White "Lenhardt, Manfred"]
[Black "Schimnatkowski, Lukas"]
[Result "1/2-1/2"]
[WhiteElo "2154"]
[BlackElo "1803"]
[PlyCount "92"]
[EventDate "2015.12.27"]
[EventType "swiss"]
[EventRounds "5"]
[EventCountry "GER"]
[SourceTitle "EXT 2019"]
[Source "ChessBase"]
[SourceDate "2018.10.10"]
[SourceVersion "1"]
[SourceVersionDate "2018.10.10"]
[SourceQuality "1"]

1. d4 Nf6 2. Nf3 c5 3. g3 cxd4 4. Bg2 g6 5. 0-0 Bg7 6. Nxd4 0-0 7. c4 Nc6 8. Nc3 Qb6 9. Nc2 d6 10. b3 Bf5 11. e4 Bg4 12. Qe1 e5 13. h3 Be6 14. Be3 Qa5 15. Nb5 Qxe1 16. Rfxe1 Rfd8 17. Red1 Ne8 18. Nc3 f5 19. Rd3 Rd7 20. Rad1 h6 21. a4 Rad8 22. Kh2 Kh7 23. Nb5 a6 24. Nc3 Rf7 25. Bb6 Rdd7 26. Kg1 Bf6 27. f3 Bd8 28. Bxd8 Rxd8 29. R1d2 Rfd7 30. h4 Kg7 31. Kh2 Kf7 32. Nd5 g5 33. Nb6 Rc7 34. Ne3 Nd4 35. Nbd5 Bxd5 36. Nxd5 Rc5 37. exf5 Nxf5 38. Bh3 Nd4 39. f4 gxh4 40. fxe5 hxg3+ 41. Kxg3 dxe5 42. Rf2+ Kg7 43. Re3 Nc7 44. Rxe5 Nxd5 45. cxd5 Rdxd5 46. Re7+ Kg6 1/2-1/2

[Event "Forchheim op-A 14th"]
[Site "Forchheim"]
[Date "2015.10.02"]
[Round "1"]
[White "Lenhardt, Manfred"]
[Black "Walter, Florian"]
[Result "1/2-1/2"]
[WhiteElo "2113"]
[BlackElo "2160"]
[PlyCount "78"]
[EventDate "2015.10.02"]
[EventType "swiss"]
[EventRounds "5"]
[EventCountry "GER"]
[SourceTitle "EXT 2019"]
[Source "ChessBase"]
[SourceDate "2018.10.10"]
[SourceVersion "1"]
[SourceVersionDate "2018.10.10"]
[SourceQuality "1"]

1. d4 d5 2. Nf3 Nf6 3. c4 c6 4. Qc2 g6 5. e3 Bf5 6. Bd3 Bxd3 7. Qxd3 Bg7 8. Nc3 0-0 9. 0-0 Nbd7 10. Bd2 Re8 11. cxd5 cxd5 12. Rfc1 Rc8 13. Rc2 Rc6 14. Rac1 Qb8 15. Na4 Rxc2 16. Qxc2 e6 17. Bb4 b5 18. Nc5 Rc8 19. Qd1 Nxc5 20. Bxc5 Ne4 21. Bb4 a6 22. Rc2 Rc4 23. b3 Rxb4 24. Rc1 Bf8 25. a3 Rc4 26. bxc4 bxc4 27. Rb1 Qc7 28. Qc2 Qa5 29. a4 Bd6 30. g4 Nc3 31. Rc1 Bb4 32. Ne5 Qxa4 33. Qxa4 Nxa4 34. Ra1 Nb2 35. Rxa6 f6 36. Ra8+ Kg7 37. Ra7+ Kg8 38. Ra8+ Kg7 39. Ra7+ Kg8 1/2-1/2